Statistics for Most Guessed Cities by Country #1

Click here to take the quiz!

General Stats

  • This quiz has been taken 22,142 times
  • The average score is 27 of 40

Answer Stats

City % Correct
Paris
99%
London
99%
Berlin
97%
Tokyo
96%
Madrid
95%
Rio de Janeiro
94%
Barcelona
92%
Toronto
92%
Manchester
88%
Delhi
88%
Munich
85%
Ottawa
83%
Vancouver
81%
Brasília
81%
Mumbai
80%
Liverpool
76%
Montreal
76%
Sao Paulo
75%
Frankfurt
73%
Hamburg
69%
Marseille
68%
Lyon
68%
Nice
65%
Birmingham
63%
Osaka
61%
Glasgow
60%
Quebec City
60%
Kyoto
59%
Kolkata
57%
Seville
57%
Valencia
52%
Cologne
52%
Hiroshima
47%
Bordeaux
40%
Chennai
36%
Bilbao
33%
Bangalore
31%
Sapporo
28%
Belo Horizonte
26%
Manaus
23%

Score Distribution

Percentile by Number Answered

Percent of People with Each Score

Your Score History

You have not taken this quiz